000 00392cam a22001217a 4500
008 180718b1965 xxu||||| |||| 00| 0 eng d
082 _aA81x54 In2/61/7/PT6D
100 _aCensus of India 1961
245 _aKerala: survey monographs, Alleppey district
260 _aDelhi
_bThe Manager of Publications
_c1965
300 _a353+p.
440 _aCensus of India 1961. Volume VII, Kerala. Part VI D
999 _c484176
_d484176